Frozen Value Ltd v Heron Foods Ltd (Record no. 84158)

MARC details
000 -LEADER
fixed length control field 01244cab a22002175a 4500
001 - CONTROL NUMBER
control field L156790
008 - FIXED-LENGTH DATA ELEMENTS--GENERAL INFORMATION
fixed length control field 120716e2012 xxk 000 0 eng d
035 ## - SYSTEM CONTROL NUMBER
System control number (Sirsi) u156790
041 0# - LANGUAGE CODE
Language code of text/sound track or separate title eng
245 00 - TITLE STATEMENT
Title Frozen Value Ltd v Heron Foods Ltd
Medium [electronic resource]
260 ## - PUBLICATION, DISTRIBUTION, ETC.
Date of publication, distribution, etc. 2012
520 ## - SUMMARY, ETC.
Summary, etc. [2012] EWCA Civ 473, 24 April 2012. Concerns landlord H's opposition to tenant F's application for a new business tenancy under part 2 of the Landlord and Tenant Act 1954. H had been granted a new head lease by the freeholder K but opposed the subleaser F's application for tenancy as it intended to occupy the premises itself, invoking the statutory ground of opposition known as "ground (g)". F appealed against this opposition. "Held": appeal upheld. H could not oppose the application as it was not the "competent landlord" for the last 14 months of its headlease.
590 ## - LOCAL NOTE (RLIN)
Local note KA
650 24 - SUBJECT ADDED ENTRY--TOPICAL TERM
Topical term or geographic name entry element FROZEN VALUE LTD V HERON FOODS LTD
650 24 - SUBJECT ADDED ENTRY--TOPICAL TERM
Topical term or geographic name entry element LANDLORD AND TENANT ACT 1954 PART II
650 24 - SUBJECT ADDED ENTRY--TOPICAL TERM
Topical term or geographic name entry element LANDLORD AND TENANT ACT 1954 S30(2)
651 #4 - SUBJECT ADDED ENTRY--GEOGRAPHIC NAME
Geographic name England and Wales
Chronological subdivision 1543-
690 ## - LOCAL SUBJECT ADDED ENTRY--TOPICAL TERM (OCLC, RLIN)
Topical term or geographic name as entry element Landlord and tenant
9 (RLIN) 6252
856 40 - ELECTRONIC LOCATION AND ACCESS
Uniform Resource Identifier <a href="https://www.bailii.org/ew/cases/EWCA/Civ/2012/473.html">https://www.bailii.org/ew/cases/EWCA/Civ/2012/473.html</a>
Public note View the decision at www.bailii.org
942 ## - ADDED ENTRY ELEMENTS (KOHA)
Suppress in OPAC 0
Holdings
Withdrawn status Lost status Source of classification or shelving scheme Damaged status Not for loan Home library Current library Shelving location Date acquired Total Checkouts Full call number Barcode Date last seen Copy number Price effective from Koha item type
    Dewey Decimal Classification     Virtual Virtual Online 16/07/2012   ONLINE PUBLICATION 156790-2001 06/08/2019 1 06/08/2019 Law report